| 000 | 00462nam a2200193Ia 4500 | ||
|---|---|---|---|
| 008 | 170918s9999 xx 000 0 und d | ||
| 020 | _a9780545106115 | ||
| 050 | _bG664 2008 | ||
| 100 | _aGordon, Roderick | ||
| 245 | _aTunnels / | ||
| 245 | _cRoderick Gordon and Brian Williams. | ||
| 260 | _aNew York : | ||
| 260 | _bScholastic, | ||
| 260 | _c2008 | ||
| 300 | _a472 pages : | ||
| 300 | _bcolored illustration ; | ||
| 300 | _c19cm. | ||
| 500 | _a990 | ||
| 999 |
_c342303 _d342303 |
||